| 000 | 00343nam a2200133Ia 4500 | ||
|---|---|---|---|
| 008 | 240624s9999 xx 000 0 und d | ||
| 041 | _aeng | ||
| 082 | _a153.9 BOS | ||
| 100 | _aBOSTROM NICK | ||
| 245 | _aSUPERINTELLIGENCE PATHS DANGERS STRATEGI | ||
| 260 |
_c2016 _aStrategies _bOxford University Press |
||
| 300 | _a390 p. | ||
| 365 |
_c _b29 |
||
| 999 |
_c29319 _d29319 |
||